<?xml version="1.0" encoding="UTF-8"?>
<record
    xmlns:xsi="http://www.w3.org/2001/XMLSchema-instance"
    xsi:schemaLocation="http://www.loc.gov/MARC21/slim http://www.loc.gov/standards/marcxml/schema/MARC21slim.xsd"
    xmlns="http://www.loc.gov/MARC21/slim">

  <leader>01497nam a22002417a 4500</leader>
  <controlfield tag="003">OSt</controlfield>
  <controlfield tag="005">20240430154505.0</controlfield>
  <controlfield tag="008">240430b           ||||| |||| 00| 0 spa d</controlfield>
  <datafield tag="020" ind1=" " ind2=" ">
    <subfield code="a">9789584279187</subfield>
  </datafield>
  <datafield tag="040" ind1=" " ind2=" ">
    <subfield code="c">CO-Mq BPB</subfield>
  </datafield>
  <datafield tag="041" ind1=" " ind2=" ">
    <subfield code="a">spa</subfield>
  </datafield>
  <datafield tag="082" ind1=" " ind2=" ">
    <subfield code="a">927.966</subfield>
    <subfield code="b">Q83b</subfield>
  </datafield>
  <datafield tag="100" ind1=" " ind2=" ">
    <subfield code="a">B&#xE1;ez, Jos&#xE9; &#xC1;ngel</subfield>
    <subfield code="e">autor</subfield>
  </datafield>
  <datafield tag="245" ind1=" " ind2=" ">
    <subfield code="a">Llegar a la cima : </subfield>
    <subfield code="b">un perfil &#xED;ntimo de Nairo Quintana </subfield>
  </datafield>
  <datafield tag="250" ind1=" " ind2=" ">
    <subfield code="a">1a. ed.</subfield>
  </datafield>
  <datafield tag="264" ind1=" " ind2=" ">
    <subfield code="a">Bogot&#xE1; : </subfield>
    <subfield code="b">Planeta</subfield>
    <subfield code="c">2019</subfield>
  </datafield>
  <datafield tag="300" ind1=" " ind2=" ">
    <subfield code="a">113 p&#xE1;ginas</subfield>
    <subfield code="b">Fotograf&#xED;as a color, tapa rustica</subfield>
    <subfield code="c">23 cm</subfield>
  </datafield>
  <datafield tag="521" ind1=" " ind2=" ">
    <subfield code="a">Tras estas p&#xE1;ginas el lector contemplar&#xE1; los paisajes id&#xED;licos del campo boyacense donde Nairo Quintana se form&#xF3;, y vivir&#xE1; como propias las proezas que cumpli&#xF3; en las escarpadas rutas europeas que lo llevaron a convertirse en la figura que hoy todos admiramos. Escrito con un profundo respeto por este hombre de pocas palabras, Llegar a la cima combina narraciones &#xED;ntimas y p&#xFA;blicas de Nairo y de sus seres m&#xE1;s cercanos, mostr&#xE1;ndonos las facetas emocionales y espirituales de uno de los atletas m&#xE1;s singulares de la historia de Colombia. Es, tambi&#xE9;n, el retrato de la historia reciente del ciclismo en nuestro pa&#xED;s y de las labores tit&#xE1;nicas de sus personajes, que a trav&#xE9;s de la profesionalizaci&#xF3;n, la pasi&#xF3;n y la disciplina, han llegado a conquistar los m&#xE1;s grandes reconocimientos de este deporte a nivel mundial.</subfield>
  </datafield>
  <datafield tag="650" ind1=" " ind2=" ">
    <subfield code="a">Batallas de Nairo</subfield>
    <subfield code="x">Colombia</subfield>
  </datafield>
  <datafield tag="650" ind1=" " ind2=" ">
    <subfield code="a">Ciclistas</subfield>
    <subfield code="x">Colombia</subfield>
  </datafield>
  <datafield tag="650" ind1=" " ind2=" ">
    <subfield code="a">Biograf&#xED;a</subfield>
  </datafield>
  <datafield tag="942" ind1=" " ind2=" ">
    <subfield code="2">ddc</subfield>
    <subfield code="c">BK</subfield>
  </datafield>
  <datafield tag="999" ind1=" " ind2=" ">
    <subfield code="c">15477</subfield>
    <subfield code="d">15477</subfield>
  </datafield>
  <datafield tag="952" ind1=" " ind2=" ">
    <subfield code="0">0</subfield>
    <subfield code="1">0</subfield>
    <subfield code="2">ddc</subfield>
    <subfield code="4">0</subfield>
    <subfield code="7">0</subfield>
    <subfield code="8">GEN</subfield>
    <subfield code="a">BPMOS</subfield>
    <subfield code="b">BPMOS</subfield>
    <subfield code="c">GEN</subfield>
    <subfield code="d">2024-04-30</subfield>
    <subfield code="e">Dotaci&#xF3;n PNL 2023</subfield>
    <subfield code="i">NT</subfield>
    <subfield code="l">0</subfield>
    <subfield code="o">927.966 Q83b</subfield>
    <subfield code="p">MOS503621</subfield>
    <subfield code="r">2024-04-30</subfield>
    <subfield code="t">Ej.1</subfield>
    <subfield code="w">2024-04-30</subfield>
    <subfield code="y">BK</subfield>
    <subfield code="z">Ocho dias</subfield>
  </datafield>
</record>
